México : una democracia utópica : el movimiento estudiantil del 68 /

Obra que indaga en la causas inmediatas y profundas que provocaron el estallido del movimiento estudiantil mexicano en 1968. La segunda parte recupera las movilizaciones de agosto a octubre y su desenlace trágico en Tlatelolco. La parte final analiza comparativamente movimientos estudiantiles de dis...

Descripción completa

Guardado en:
Detalles Bibliográficos
Autor principal: Zermeño, Sergio (autor)
Otros autores: Monsiváis, Carlos (prólogo) (prólogo)
Formato: Libro
Idioma:Español
Publicado: México : Siglo XXI, 1985, c1985
Edición:5a edición
Temas:
Etiquetas: Agrega una etiqueta
Sin etiquetas, Sé el primero en etiquetar este registro!

MARC

LEADER 00000nam^a2200000^a^4500
001 000092454
005 20250625000000.0
009 20260310092724.295
020 |a 968-23-0295-1 
037 |a Acervo ITESO - Biblioteca 
041 |a ESP 
082 |a 322. 44  |b ZER 
100 |a Zermeño, Sergio  |e (autor) 
245 1 0 |a México :  |b una democracia utópica : el movimiento estudiantil del 68 /  |c S. Zermeño ; pról. de C. Monsiváis. 
250 |a 5a edición 
264 4 |a México :  |b Siglo XXI,  |c 1985, c1985 
300 |a XXIV, 336 p. 
336 |a texto  |b txt  |2 rdacontenido 
337 |a sin mediación  |b n  |2 rdamedio 
338 |a volumen  |b nc  |2 rdasoporte 
520 |a Obra que indaga en la causas inmediatas y profundas que provocaron el estallido del movimiento estudiantil mexicano en 1968. La segunda parte recupera las movilizaciones de agosto a octubre y su desenlace trágico en Tlatelolco. La parte final analiza comparativamente movimientos estudiantiles de distintos países. 
649 |a XX 
650 |a Movimiento Estudiantil de 1968 
650 |a Movimientos Estudiantiles -  |z México 
650 |a Movimientos Sociales -  |z México 
650 |a México -  |x Condiciones Sociales y Culturales 
650 |a México -  |x Condiciones Políticas 
650 |a Política -  |z México -  |x Historia -  |y 1964-1970 
650 |a Educación Superior -  |z México -  |x Historia -  |y 1964-1970 
700 |a Monsiváis, Carlos  |e (prólogo) 
910 |a Fondo General 
920 |a Impresos - Libros 
930 |a Colección General 
905 |a 101 
901 |a 0500059533  |b IT1  |c ACC  |u 20250521 
901 |a 0500319823  |b IT1  |c ACC  |d DT  |i D108439  |u 20250625 
902 |a https://opac.biblio.iteso.mx/vufind/Record/000092454